[Event "CZE-ch12 sf05 corr"]
[Site "Czechia"]
[Date "2003.??.??"]
[Round "?"]
[White "Nedoma, Petr"]
[Black "Nejtek, Jiri"]
[Result "1/2-1/2"]
[WhiteElo "2224"]
[BlackElo "2291"]
[PlyCount "65"]
[EventDate "2003.??.??"]
[EventType "tourn (corr)"]
[EventRounds "14"]
[EventCountry "CZE"]
[SourceTitle "Corr 2006"]
[Source "ChessBase"]
[SourceDate "2006.04.01"]
[SourceVersion "3"]
[SourceVersionDate "2006.04.01"]
[SourceQuality "1"]

1. e4 c5 2. Nf3 d6 3. d4 cxd4 4. Nxd4 Nf6 5. Nc3 a6 6. Be2 e5 7. Nb3 Be7 8. 0-0 0-0 9. Qd3 Re8 10. Rd1 Be6 11. Qg3 Nbd7 12. Bh6 Bf8 13. Bg5 b5 14. a3 Qb6 15. Rac1 Qb7 16. Nd2 Rec8 17. Kh1 Rc7 18. f4 exf4 19. Bxf4 Ne5 20. Bxe5 dxe5 21. Qxe5 Rac8 22. Qg3 Bxa3 23. Nxb5 axb5 24. bxa3 Rc3 25. Bd3 Qb6 26. Rf1 Ng4 27. Nb1 R3c5 28. Be2 Ne5 29. Nd2 Qc7 30. Nf3 Nc4 31. Qxc7 R5xc7 32. Bxc4 Rxc4 33. Rb1 1/2-1/2